Hermeneutica sacra, seu, Introductio in omnes et singulos libros sacros, Veteris ac Novi foederis / auctore J. H. Janssens in Seminario episcopali Leodii, Scripturae Sacrae ac theologiae dogmaticae, professore publico et ordinario

Detalles Bibliográficos
Autor principal: Janssens, Jean Hèrard, 1783-1853
Formato: Libro
Lenguaje:Latin
Publicado: Taurini : ex officina Stereotypographica Hyacinthi Marietti, 1858.
Materias:
Colección:Banco de datos
Acervo:Centro de Espiritualidad El Carmen. Toluca. Biblioteca Rafael Checa Curi
Descripción Física:415 p. ; 22 cm.
Tema general:Biblia
Notas:Portada tipográfica con plecas en grabado litográfico. Texto a dos columnas con corondel central en grabado litográfico, paginación en números arábigos, cornisas, signaturas y notas a pie de página. Encuadernación en cartón con lomo en piel. Daños de humedad. Número de inventario: 2315 (2104)
LEADER 01161nam a22001930004500
035 |a 1129 
041 0 |a lat 
100 1 |a Janssens, Jean Hèrard, 1783-1853 
245 1 0 |a Hermeneutica sacra, seu, Introductio in omnes et singulos libros sacros, Veteris ac Novi foederis / auctore J. H. Janssens in Seminario episcopali Leodii, Scripturae Sacrae ac theologiae dogmaticae, professore publico et ordinario 
260 |a Taurini : ex officina Stereotypographica Hyacinthi Marietti, 1858. 
300 |a 415 p. ; 22 cm. 
500 |a Portada tipográfica con plecas en grabado litográfico. Texto a dos columnas con corondel central en grabado litográfico, paginación en números arábigos, cornisas, signaturas y notas a pie de página. Encuadernación en cartón con lomo en piel. Daños de humedad. Número de inventario: 2315 (2104) 
504 |a Al final de la obra está el índice de contenido 
650 1 0 |a Biblia 
740 0 |a Introductio in omnes et singulos libros sacros, Veteris ac Novi foederis 
949 |a Fondo Reservado: 2104 
942 |c TOLUCA 
943 |g Centro de Espiritualidad El Carmen. Toluca. Biblioteca Rafael Checa Curi 
999 |c 1081027  |d 1081027